Le Calvados en images - Statistiques

Statistiques générales
  • Ce quiz a été pris 231 fois
  • Le résultat moyen est 10 sur 18
Statistiques - réponses
Par images Hint Réponse % Correct
Préfecture Caen
99%
Broderie célèbre Tapisserie de Bayeux
82%
Ville côtière Deauville
80%
Ancien duc de Normandie Guillaume le Conquérant
76%
Spécialité culinaire Tripes
74%
Sous-Préfecture Lisieux
72%
Région naturelle Pays d'{Auge}
72%
Musée Mémorial
71%
Club de Football Stade Malherbe
63%
Monument Abbaye aux Hommes
55%
Sous-Préfecture/Fleuve qui la traverse Vire
52%
Fromage Livarot
51%
Pont Pegasus Bridge
40%
Fête Carnaval Étudiant
34%
Homme politique Georges Marchais
33%
Site archélogique Vieux-la-Romaine
24%
Musicien Erik Satie
22%
Point culminant Mont {Pinçon}
13%
Aucun quiz correspondant
Distribution des résultats
% des personnes avec chaque résultat
Percentile par nombre de réponses
Votre historique - résultats
Vous n’avez pas pris ce quiz